Les mots de la langue française terminés par "bale" - Statistiques

Statistiques générales
  • Ce quiz a été pris 152 fois
  • Le résultat moyen est 5 sur 12
Statistiques - réponses
Indice Mot % Correct
ville suisse Bale
93%
gobelet timbale
77%
anthropophage cannibale
70%
instrument cymbale
63%
orale verbale
53%
pierre tombale
48%
totale globale
45%
intrigue cabale
38%
guerre tribale
28%
antilope bubale
11%
civelle pibale
11%
levier brimbale
1%
Aucun quiz correspondant
Distribution des résultats
% des personnes avec chaque résultat
Percentile par nombre de réponses
Votre historique - résultats
Vous n’avez pas pris ce quiz